[Event "British Rapidplay Championship 2023"]
[Site "Mercure Bradford, Bankfield Hotel"]
[Date "2023.04.16"]
[Round "8.7"]
[White "Mokhber-Garcia, Sebastian"]
[Black "Nicholson, Jim WR"]
[Result "0-1"]
[TimeControl "All moves in 15 minutes plus 10 second increment per move from move 1"]
[WhiteElo "1592"]
[BlackElo "1958"]

1. e4 {[%clk 00:15:19]} c6 {[%clk 00:15:18]} {[%emt 00:00:03]} 2. d4 {[%clk
00:15:28]} d5 {[%clk 00:15:26]} {[%emt 00:00:02]} 3. exd5 {[%clk 00:15:36]}
{[%emt 00:00:04]} cxd5 {[%clk 00:15:34]} 4. Bd3 {[%clk 00:15:44]} {[%emt
00:00:01]} Nc6 {[%clk 00:15:40]} {[%emt 00:00:03]} 5. c3 {[%clk 00:15:53]}
{[%emt 00:00:03]} Qc7 {[%clk 00:15:45]} {[%emt 00:00:03]} 6. Ne2 {[%clk
00:16:01]} {[%emt 00:00:04]} Bg4 {[%clk 00:15:31]} {[%emt 00:00:23]} 7. f3
{[%clk 00:16:09]} {[%emt 00:00:01]} Bh5 {[%clk 00:15:36]} {[%emt 00:00:05]} 8.
Bf4 {[%clk 00:16:15]} {[%emt 00:00:06]} Qd7 {[%clk 00:15:27]} {[%emt 00:00:18]}
9. O-O {[%clk 00:16:01]} {[%emt 00:00:23]} e6 {[%clk 00:15:31]} {[%emt
00:00:06]} 10. Ng3 {[%clk 00:15:30]} {[%emt 00:00:42]} Bg6 {[%clk 00:15:37]}
{[%emt 00:00:03]} 11. Re1 {[%clk 00:15:37]} {[%emt 00:00:03]} Nf6 {[%clk
00:15:03]} {[%emt 00:00:44]} 12. Bc2 {[%clk 00:15:08]} {[%emt 00:00:40]} Bd6
{[%clk 00:14:48]} {[%emt 00:00:25]} 13. Be5 {[%clk 00:15:07]} {[%emt 00:00:10]}
Bxe5 {[%clk 00:12:37]} {[%emt 00:02:22]} 14. dxe5 {[%clk 00:15:14]} {[%emt
00:00:02]} Ng8 {[%clk 00:12:46]} {[%emt 00:00:02]} 15. Na3 {[%clk 00:15:06]}
{[%emt 00:00:18]} a6 {[%clk 00:12:55]} {[%emt 00:00:02]} 16. Qd2 {[%clk
00:14:58]} {[%emt 00:00:17]} Nge7 {[%clk 00:12:58]} {[%emt 00:00:06]} 17. Rad1
{[%clk 00:15:04]} {[%emt 00:00:05]} Qc7 {[%clk 00:12:46]} {[%emt 00:00:22]} 18.
Qe3 {[%clk 00:14:15]} {[%emt 00:00:59]} O-O {[%clk 00:11:38]} {[%emt 00:01:18]}
19. f4 {[%clk 00:14:15]} {[%emt 00:00:10]} Rad8 {[%clk 00:11:19]} {[%emt
00:00:29]} 20. Bxg6 {[%clk 00:14:10]} {[%emt 00:00:15]} fxg6 {[%clk 00:10:57]}
{[%emt 00:00:32]} 21. Nc2 {[%clk 00:14:03]} {[%emt 00:00:17]} Nf5 {[%clk
00:11:00]} {[%emt 00:00:07]} 22. Nxf5 {[%clk 00:14:09]} {[%emt 00:00:03]} Rxf5
{[%clk 00:10:16]} {[%emt 00:00:55]} 23. g3 {[%clk 00:13:48]} {[%emt 00:00:31]}
Qe7 {[%clk 00:09:58]} {[%emt 00:00:27]} 24. Nd4 {[%clk 00:13:46]} {[%emt
00:00:13]} Nxd4 {[%clk 00:10:05]} {[%emt 00:00:03]} 25. cxd4 {[%clk 00:13:51]}
{[%emt 00:00:05]} Rc8 {[%clk 00:10:06]} {[%emt 00:00:10]} 26. Rc1 {[%clk
00:13:58]} {[%emt 00:00:03]} Rff8 {[%clk 00:09:55]} {[%emt 00:00:20]} 27. Rc3
{[%clk 00:13:27]} {[%emt 00:00:41]} g5 {[%clk 00:08:49]} {[%emt 00:01:15]} 28.
Rec1 {[%clk 00:13:05]} {[%emt 00:00:33]} Rxc3 {[%clk 00:08:51]} {[%emt
00:00:09]} 29. Rxc3 {[%clk 00:13:07]} {[%emt 00:00:06]} gxf4 {[%clk 00:09:00]}
{[%emt 00:00:02]} 30. gxf4 {[%clk 00:13:14]} {[%emt 00:00:02]} Qh4 {[%clk
00:08:58]} {[%emt 00:00:13]} 31. Qg3 {[%clk 00:11:49]} {[%emt 00:01:35]} Qxf4
{[%clk 00:08:00]} {[%emt 00:01:08]} 32. Qxf4 {[%clk 00:11:53]} {[%emt
00:00:07]} Rxf4 {[%clk 00:08:09]} 33. Rc8+ {[%clk 00:11:19]} {[%emt 00:00:43]}
Kf7 {[%clk 00:08:02]} {[%emt 00:00:17]} 34. Rc7+ {[%clk 00:11:26]} {[%emt
00:00:03]} Kg6 {[%clk 00:08:11]} {[%emt 00:00:01]} 35. Rxb7 {[%clk 00:11:27]}
{[%emt 00:00:10]} Rxd4 {[%clk 00:08:18]} {[%emt 00:00:02]} 36. Rb6 {[%clk
00:11:34]} {[%emt 00:00:03]} Kf5 {[%clk 00:08:21]} {[%emt 00:00:07]} 37. Rxa6
{[%clk 00:11:09]} {[%emt 00:00:35]} Rd1+ {[%clk 00:08:29]} {[%emt 00:00:02]} 38.
Kg2 {[%clk 00:11:13]} {[%emt 00:00:06]} Rd2+ {[%clk 00:08:38]} {[%emt
00:00:01]} 39. Kg3 {[%clk 00:11:21]} {[%emt 00:00:02]} Rxb2 {[%clk 00:08:45]}
{[%emt 00:00:03]} 40. Ra7 {[%clk 00:11:23]} {[%emt 00:00:08]} g5 {[%clk
00:08:18]} {[%emt 00:00:36]} 41. a4 {[%clk 00:10:34]} {[%emt 00:01:00]} h5
{[%clk 00:08:21]} {[%emt 00:00:07]} 42. a5 {[%clk 00:09:59]} {[%emt 00:00:46]}
h4+ {[%clk 00:07:42]} {[%emt 00:00:49]} 43. Kh3 {[%clk 00:09:45]} {[%emt
00:00:23]} g4+ {[%clk 00:07:26]} {[%emt 00:00:26]} 44. Kxh4 {[%clk 00:09:50]}
{[%emt 00:00:04]} Rxh2+ {[%clk 00:07:34]} {[%emt 00:00:03]} 45. Kg3 {[%clk
00:09:58]} {[%emt 00:00:02]} Rh3+ {[%clk 00:07:38]} {[%emt 00:00:06]} 46. Kg2
{[%clk 00:10:01]} {[%emt 00:00:07]} Ra3 {[%clk 00:07:38]} {[%emt 00:00:10]} 47.
a6 {[%clk 00:10:04]} {[%emt 00:00:07]} Kxe5 {[%clk 00:07:44]} {[%emt 00:00:04]}
48. Ra8 {[%clk 00:10:09]} {[%emt 00:00:05]} Ke4 {[%clk 00:07:36]} {[%emt
00:00:17]} 49. Kf2 {[%clk 00:09:51]} {[%emt 00:00:29]} e5 {[%clk 00:07:38]}
{[%emt 00:00:07]} 50. a7 {[%clk 00:09:56]} {[%emt 00:00:06]} d4 {[%clk
00:07:33]} {[%emt 00:00:15]} 51. Rg8 {[%clk 00:09:32]} {[%emt 00:00:33]} Rxa7
{[%clk 00:07:40]} {[%emt 00:00:05]} 52. Rxg4+ {[%clk 00:09:39]} {[%emt
00:00:02]} Kd3 {[%clk 00:07:30]} {[%emt 00:00:18]} 53. Ke1 {[%clk 00:09:40]}
{[%emt 00:00:11]} e4 {[%clk 00:07:28]} {[%emt 00:00:12]} 54. Rh4 {[%clk
00:09:34]} {[%emt 00:00:16]} e3 {[%clk 00:07:27]} {[%emt 00:00:11]} 55. Kf1
{[%clk 00:09:41]} {[%emt 00:00:02]} Ra1+ {[%clk 00:07:25]} {[%emt 00:00:13]} 56.
Kg2 {[%clk 00:09:50]} {[%emt 00:00:01]} e2 {[%clk 00:07:20]} {[%emt 00:00:15]}
57. Rh3+ {[%clk 00:09:58]} {[%emt 00:00:02]} Kd2 {[%clk 00:07:23]} {[%emt
00:00:07]} 0-1

[Event "British Rapidplay Championship 2023"]
[Site "Mercure Bradford, Bankfield Hotel"]
[Date "2023.04.16"]
[Round "8.8"]
[White "Harker, Peter"]
[Black "Gopakumar, Siddharth"]
[Result "0-1"]
[TimeControl "All moves in 15 minutes plus 10 second increment per move from move 1"]
[WhiteElo "1481"]
[BlackElo "1870"]

1. d4 {[%clk 00:15:18]} {[%emt 00:00:03]} d5 {[%clk 00:15:19]} 2. c4 {[%clk
00:15:26]} {[%emt 00:00:02]} c6 {[%clk 00:15:28]} 3. Nc3 {[%clk 00:15:35]}
{[%emt 00:00:01]} Nf6 {[%clk 00:15:37]} {[%emt 00:00:01]} 4. cxd5 {[%clk
00:15:42]} {[%emt 00:00:03]} cxd5 {[%clk 00:15:46]} 5. f3 {[%clk 00:15:50]}
{[%emt 00:00:02]} Nc6 {[%clk 00:15:50]} {[%emt 00:00:07]} 6. e4 {[%clk
00:15:49]} {[%emt 00:00:10]} dxe4 {[%clk 00:15:58]} {[%emt 00:00:05]} 7. d5
{[%clk 00:15:52]} {[%emt 00:00:06]} Ne5 {[%clk 00:16:06]} {[%emt 00:00:01]} 8.
fxe4 {[%clk 00:15:46]} {[%emt 00:00:15]} e6 {[%clk 00:16:15]} {[%emt 00:00:01]}
9. Bf4 {[%clk 00:15:08]} {[%emt 00:00:47]} Ng6 {[%clk 00:13:28]} {[%emt
00:02:57]} 10. Bg3 {[%clk 00:12:47]} {[%emt 00:02:31]} Bd6 {[%clk 00:13:04]}
{[%emt 00:00:34]} 11. Bb5+ {[%clk 00:12:03]} {[%emt 00:00:54]} Kf8 {[%clk
00:12:44]} {[%emt 00:00:29]} 12. Bxd6+ {[%clk 00:10:25]} {[%emt 00:01:48]} Qxd6
{[%clk 00:12:53]} {[%emt 00:00:02]} 13. Nf3 {[%clk 00:10:33]} {[%emt 00:00:02]}
exd5 {[%clk 00:10:20]} {[%emt 00:02:43]} 14. exd5 {[%clk 00:07:26]} {[%emt
00:03:16]} Bg4 {[%clk 00:10:08]} {[%emt 00:00:23]} 15. Be2 {[%clk 00:07:06]}
{[%emt 00:00:30]} Rd8 {[%clk 00:09:24]} {[%emt 00:00:54]} 16. Qb3 {[%clk
00:05:30]} {[%emt 00:01:46]} Bxf3 {[%clk 00:09:19]} {[%emt 00:00:15]} 17. Bxf3
{[%clk 00:05:38]} {[%emt 00:00:02]} Re8+ {[%clk 00:09:16]} {[%emt 00:00:13]} 18.
Kf1 {[%clk 00:04:52]} {[%emt 00:00:56]} Nh4 {[%clk 00:08:07]} {[%emt 00:01:19]}
19. Nb5 {[%clk 00:04:44]} {[%emt 00:00:18]} Nxf3 {[%clk 00:05:22]} {[%emt
00:02:55]} 20. Nxd6 {[%clk 00:03:58]} {[%emt 00:00:56]} Nd2+ {[%clk 00:05:31]}
{[%emt 00:00:01]} 21. Kg1 {[%clk 00:03:17]} {[%emt 00:00:52]} Nxb3 {[%clk
00:05:28]} {[%emt 00:00:13]} 22. Nxe8 {[%clk 00:03:17]} {[%emt 00:00:09]} Nxa1
{[%clk 00:05:32]} {[%emt 00:00:06]} 23. Nxf6 {[%clk 00:03:06]} {[%emt
00:00:21]} gxf6 {[%clk 00:05:40]} {[%emt 00:00:03]} 24. Kf2 {[%clk 00:03:15]}
Nc2 {[%clk 00:05:43]} {[%emt 00:00:08]} 25. Rc1 {[%clk 00:03:19]} {[%emt
00:00:05]} Nb4 {[%clk 00:05:31]} {[%emt 00:00:22]} 26. Rc8+ {[%clk 00:03:22]}
{[%emt 00:00:08]} Kg7 {[%clk 00:05:40]} 27. Rxh8 {[%clk 00:03:17]} {[%emt
00:00:15]} Kxh8 {[%clk 00:05:48]} {[%emt 00:00:01]} 28. d6 {[%clk 00:03:20]}
{[%emt 00:00:07]} Kg8 {[%clk 00:05:48]} {[%emt 00:00:11]} 29. a3 {[%clk
00:03:24]} {[%emt 00:00:06]} Nc6 {[%clk 00:05:56]} 30. Ke3 {[%clk 00:03:18]}
{[%emt 00:00:17]} Ne5 {[%clk 00:04:48]} {[%emt 00:01:17]} 31. Kf4 {[%clk
00:03:22]} {[%emt 00:00:06]} Kg7 {[%clk 00:04:25]} {[%emt 00:00:34]} 32. g4
{[%clk 00:03:15]} {[%emt 00:00:17]} Kg6 {[%clk 00:04:13]} {[%emt 00:00:22]} 33.
h4 {[%clk 00:03:14]} {[%emt 00:00:11]} h5 {[%clk 00:03:53]} {[%emt 00:00:30]}
34. g5 {[%clk 00:03:01]} {[%emt 00:00:23]} Nd7 {[%clk 00:03:59]} {[%emt
00:00:03]} 35. gxf6 {[%clk 00:03:00]} {[%emt 00:00:11]} Kxf6 {[%clk 00:04:07]}
{[%emt 00:00:02]} 36. b4 {[%clk 00:02:59]} {[%emt 00:00:11]} b5 {[%clk
00:04:15]} {[%emt 00:00:02]} 37. Ke4 {[%clk 00:03:02]} {[%emt 00:00:07]} Ke6
{[%clk 00:04:21]} {[%emt 00:00:04]} 38. Kf4 {[%clk 00:03:11]} f6 {[%clk
00:04:13]} {[%emt 00:00:18]} 39. Ke4 {[%clk 00:03:08]} {[%emt 00:00:13]} f5+
{[%clk 00:04:09]} {[%emt 00:00:14]} 40. Kf4 {[%clk 00:03:16]} {[%emt 00:00:02]}
Kf6 {[%clk 00:04:19]} 41. Ke3 {[%clk 00:03:02]} {[%emt 00:00:24]} Ke5 {[%clk
00:04:25]} {[%emt 00:00:04]} 42. Kf3 {[%clk 00:03:11]} f4 {[%clk 00:04:34]} 43.
Ke2 {[%clk 00:03:07]} {[%emt 00:00:15]} Kxd6 {[%clk 00:04:42]} 44. Kf3 {[%clk
00:03:16]} Ke5 {[%clk 00:04:51]} {[%emt 00:00:01]} 0-1

[Event "British Rapidplay Championship 2023"]
[Site "Mercure Bradford, Bankfield Hotel"]
[Date "2023.04.16"]
[Round "8.10"]
[White "Bastow, Mark A"]
[Black "Jackson, Sheila"]
[Result "1-0"]
[TimeControl "All moves in 15 minutes plus 10 second increment per move from move 1"]
[WhiteElo "1739"]
[BlackElo "2055"]

1. d4 {[%clk 00:15:15]} {[%emt 00:00:04]} Nf6 {[%clk 00:15:19]} {[%emt
00:00:02]} 2. Nf3 {[%clk 00:15:21]} {[%emt 00:00:05]} d5 {[%clk 00:15:20]}
{[%emt 00:00:09]} 3. e3 {[%clk 00:15:17]} {[%emt 00:00:13]} e6 {[%clk
00:15:07]} {[%emt 00:00:23]} 4. Bd3 {[%clk 00:15:15]} {[%emt 00:00:11]} c5
{[%clk 00:15:15]} {[%emt 00:00:04]} 5. b3 {[%clk 00:15:19]} {[%emt 00:00:05]}
Nc6 {[%clk 00:15:21]} {[%emt 00:00:04]} 6. Bb2 {[%clk 00:14:56]} {[%emt
00:00:32]} Qb6 {[%clk 00:14:54]} {[%emt 00:00:38]} 7. dxc5 {[%clk 00:12:51]}
{[%emt 00:02:15]} Bxc5 {[%clk 00:14:53]} {[%emt 00:00:12]} 8. Nbd2 {[%clk
00:12:52]} {[%emt 00:00:08]} Qd8 {[%clk 00:14:27]} {[%emt 00:00:36]} 9. O-O
{[%clk 00:12:41]} {[%emt 00:00:21]} O-O {[%clk 00:14:36]} {[%emt 00:00:02]} 10.
Qe2 {[%clk 00:12:28]} {[%emt 00:00:23]} Nb4 {[%clk 00:13:55]} {[%emt 00:00:51]}
11. Rfd1 {[%clk 00:10:07]} {[%emt 00:02:30]} Nxd3 {[%clk 00:13:59]} {[%emt
00:00:06]} 12. Qxd3 {[%clk 00:10:11]} {[%emt 00:00:06]} Qe7 {[%clk 00:11:46]}
{[%emt 00:02:23]} 13. Ne5 {[%clk 00:06:27]} {[%emt 00:03:54]} Nd7 {[%clk
00:09:51]} {[%emt 00:02:06]} 14. Ndf3 {[%clk 00:05:39]} {[%emt 00:00:58]} f6
{[%clk 00:09:47]} {[%emt 00:00:14]} 15. Nxd7 {[%clk 00:05:38]} {[%emt
00:00:11]} Bxd7 {[%clk 00:09:56]} {[%emt 00:00:01]} 16. c4 {[%clk 00:05:13]}
{[%emt 00:00:34]} Bc6 {[%clk 00:09:59]} {[%emt 00:00:08]} 17. Rac1 {[%clk
00:04:22]} {[%emt 00:01:01]} dxc4 {[%clk 00:07:18]} {[%emt 00:02:50]} 18. Qxc4
{[%clk 00:04:23]} {[%emt 00:00:08]} Bxf3 {[%clk 00:05:19]} {[%emt 00:02:10]} 19.
gxf3 {[%clk 00:04:31]} {[%emt 00:00:02]} Bb6 {[%clk 00:05:21]} {[%emt
00:00:08]} 20. Rd3 {[%clk 00:04:02]} {[%emt 00:00:38]} Rfd8 {[%clk 00:05:13]}
{[%emt 00:00:19]} 21. Rcd1 {[%clk 00:03:59]} {[%emt 00:00:13]} Rxd3 {[%clk
00:04:47]} {[%emt 00:00:36]} 22. Rxd3 {[%clk 00:04:02]} {[%emt 00:00:07]} Rd8
{[%clk 00:03:43]} {[%emt 00:01:15]} 23. Rxd8+ {[%clk 00:02:36]} {[%emt
00:01:35]} Bxd8 {[%clk 00:03:51]} {[%emt 00:00:02]} 24. Bd4 {[%clk 00:02:21]}
{[%emt 00:00:25]} a6 {[%clk 00:03:49]} {[%emt 00:00:13]} 25. Bc5 {[%clk
00:02:00]} {[%emt 00:00:30]} Qd7 {[%clk 00:03:55]} {[%emt 00:00:05]} 26. Qd4
{[%clk 00:01:57]} {[%emt 00:00:13]} Qxd4 {[%clk 00:03:55]} {[%emt 00:00:10]} 27.
Bxd4 {[%clk 00:02:05]} {[%emt 00:00:02]} e5 {[%clk 00:03:11]} {[%emt 00:00:54]}
28. Bc5 {[%clk 00:02:08]} {[%emt 00:00:06]} b5 {[%clk 00:03:12]} {[%emt
00:00:10]} 29. Kf1 {[%clk 00:02:07]} {[%emt 00:00:10]} Kf7 {[%clk 00:03:21]}
{[%emt 00:00:02]} 30. Ke2 {[%clk 00:02:15]} {[%emt 00:00:01]} f5 {[%clk
00:02:40]} {[%emt 00:00:52]} 31. Kd3 {[%clk 00:02:06]} {[%emt 00:00:18]} Ke6
{[%clk 00:02:37]} {[%emt 00:00:13]} 32. Kc3 {[%clk 00:02:02]} {[%emt 00:00:15]}
Kd5 {[%clk 00:02:37]} {[%emt 00:00:11]} 33. Kb4 {[%clk 00:02:02]} {[%emt
00:00:09]} a5+ {[%clk 00:02:38]} {[%emt 00:00:10]} 34. Kxb5 {[%clk 00:02:07]}
{[%emt 00:00:04]} e4 {[%clk 00:02:27]} {[%emt 00:00:21]} 35. f4 {[%clk
00:01:53]} {[%emt 00:00:24]} g6 {[%clk 00:02:23]} {[%emt 00:00:14]} 36. Bb6
{[%clk 00:01:53]} {[%emt 00:00:09]} Bh4 {[%clk 00:02:29]} {[%emt 00:00:06]} 37.
Bxa5 {[%clk 00:01:57]} {[%emt 00:00:05]} Bxf2 {[%clk 00:02:37]} {[%emt
00:00:02]} 38. Bd2 {[%clk 00:02:05]} {[%emt 00:00:02]} g5 {[%clk 00:01:39]}
{[%emt 00:01:07]} 39. fxg5 {[%clk 00:01:50]} {[%emt 00:00:25]} f4 {[%clk
00:01:49]} {[%emt 00:00:01]} 40. exf4 {[%clk 00:01:58]} {[%emt 00:00:02]} e3
{[%clk 00:01:58]} {[%emt 00:00:01]} 41. Bc3 {[%clk 00:01:52]} {[%emt 00:00:15]}
e2 {[%clk 00:02:06]} {[%emt 00:00:03]} 42. f5 {[%clk 00:01:54]} {[%emt
00:00:08]} e1=Q {[%clk 00:01:56]} 43. Bxe1 {[%clk 00:02:03]} Bxe1 {[%clk
00:02:05]} {[%emt 00:00:03]} 44. g6 {[%clk 00:02:00]} {[%emt 00:00:12]} hxg6
{[%clk 00:02:06]} {[%emt 00:00:10]} 45. fxg6 {[%clk 00:02:08]} {[%emt
00:00:02]} Ke6 {[%clk 00:02:15]} {[%emt 00:00:01]} 46. a4 {[%clk 00:02:13]}
{[%emt 00:00:06]} Kf6 {[%clk 00:02:22]} {[%emt 00:00:03]} 47. a5 {[%clk
00:02:20]} {[%emt 00:00:02]} Kxg6 {[%clk 00:02:29]} {[%emt 00:00:02]} 48. Kb6
{[%clk 00:02:22]} {[%emt 00:00:08]} Bf2+ {[%clk 00:02:31]} {[%emt 00:00:09]} 49.
Kb7 {[%clk 00:02:30]} Kh5 {[%clk 00:02:32]} {[%emt 00:00:10]} 50. a6 {[%clk
00:02:37]} {[%emt 00:00:01]} Kg4 {[%clk 00:02:39]} {[%emt 00:00:05]} 51. a7
{[%clk 00:02:45]} {[%emt 00:00:02]} Bxa7 {[%clk 00:02:47]} 52. Kxa7 {[%clk
00:02:54]} {[%emt 00:00:02]} Kh3 {[%clk 00:02:57]} 53. b4 {[%clk 00:03:02]}
{[%emt 00:00:02]} Kxh2 {[%clk 00:03:06]} 54. b5 {[%clk 00:03:11]} {[%emt
00:00:02]} Kg3 {[%clk 00:03:15]} {[%emt 00:00:01]} 55. b6 {[%clk 00:03:20]} Kf4
{[%clk 00:03:24]} 56. b7 {[%clk 00:03:29]} {[%emt 00:00:02]} Ke5 {[%clk
00:03:34]} 57. b8=Q+ {[%clk 00:03:37]} {[%emt 00:00:02]} Kd5 {[%clk 00:03:43]}
58. Qb4 {[%clk 00:03:38]} {[%emt 00:00:09]} Ke5 {[%clk 00:03:52]} 59. Kb6
{[%clk 00:03:47]} {[%emt 00:00:01]} Kd5 {[%clk 00:04:02]} 60. Qc5+ {[%clk
00:03:51]} {[%emt 00:00:06]} Ke4 {[%clk 00:04:11]} 61. Kc6 {[%clk 00:03:59]}
{[%emt 00:00:02]} Kd3 {[%clk 00:04:20]} {[%emt 00:00:01]} 62. Kd5 {[%clk
00:04:08]} Kd2 {[%clk 00:04:28]} {[%emt 00:00:01]} 63. Qa3 {[%clk 00:04:16]}
{[%emt 00:00:02]} Ke2 {[%clk 00:04:36]} {[%emt 00:00:02]} 64. Ke4 {[%clk
00:04:25]} {[%emt 00:00:01]} Kd2 {[%clk 00:04:45]} {[%emt 00:00:02]} 65. Qb2+
{[%clk 00:04:33]} {[%emt 00:00:02]} 1-0

[Event "British Rapidplay Championship 2023"]
[Site "Mercure Bradford, Bankfield Hotel"]
[Date "2023.04.16"]
[Round "8.11"]
[White "Raynes, Paul"]
[Black "Keerthi Kumar, Advait"]
[Result "0-1"]
[TimeControl "All moves in 15 minutes plus 10 second increment per move from move 1"]
[WhiteElo "2077"]
[BlackElo "1455"]

1. d4 {[%clk 00:15:17]} {[%emt 00:00:03]} Nf6 {[%clk 00:15:20]} 2. Bf4 {[%clk
00:15:24]} {[%emt 00:00:02]} g6 {[%clk 00:15:29]} {[%emt 00:00:01]} 3. Nc3
{[%clk 00:15:30]} {[%emt 00:00:03]} Bg7 {[%clk 00:15:39]} 4. e4 {[%clk
00:15:34]} {[%emt 00:00:06]} d6 {[%clk 00:15:49]} 5. Qd2 {[%clk 00:15:29]}
{[%emt 00:00:18]} Nbd7 {[%clk 00:15:44]} {[%emt 00:00:13]} 6. O-O-O {[%clk
00:15:19]} {[%emt 00:00:19]} b6 {[%clk 00:15:35]} {[%emt 00:00:20]} 7. f3
{[%clk 00:14:33]} {[%emt 00:00:54]} Bb7 {[%clk 00:15:32]} {[%emt 00:00:13]} 8.
h4 {[%clk 00:14:17]} {[%emt 00:00:25]} e6 {[%clk 00:15:38]} {[%emt 00:00:05]} 9.
Nh3 {[%clk 00:13:34]} {[%emt 00:00:54]} Qe7 {[%clk 00:15:38]} {[%emt 00:00:09]}
10. Nb5 {[%clk 00:12:19]} {[%emt 00:01:25]} Nf8 {[%clk 00:14:27]} {[%emt
00:01:21]} 11. Qc3 {[%clk 00:12:17]} {[%emt 00:00:13]} Kd8 {[%clk 00:12:21]}
{[%emt 00:02:16]} 12. Qa3 {[%clk 00:11:47]} {[%emt 00:00:39]} Ne8 {[%clk
00:11:59]} {[%emt 00:00:32]} 13. Bg5 {[%clk 00:11:13]} {[%emt 00:00:44]} f6
{[%clk 00:11:33]} {[%emt 00:00:36]} 14. Be3 {[%clk 00:11:17]} {[%emt 00:00:06]}
Kc8 {[%clk 00:10:58]} {[%emt 00:00:45]} 15. Kb1 {[%clk 00:10:43]} {[%emt
00:00:44]} Nd7 {[%clk 00:09:37]} {[%emt 00:01:31]} 16. c4 {[%clk 00:10:38]}
{[%emt 00:00:15]} Bf8 {[%clk 00:09:30]} {[%emt 00:00:18]} 17. Rc1 {[%clk
00:10:21]} {[%emt 00:00:27]} Qd8 {[%clk 00:08:56]} {[%emt 00:00:44]} 18. Qb3
{[%clk 00:10:09]} {[%emt 00:00:21]} Be7 {[%clk 00:08:05]} {[%emt 00:01:02]} 19.
c5 {[%clk 00:09:12]} {[%emt 00:01:07]} dxc5 {[%clk 00:07:31]} {[%emt 00:00:43]}
20. Qxe6 {[%clk 00:08:56]} {[%emt 00:00:27]} a6 {[%clk 00:06:14]} {[%emt
00:01:27]} 21. dxc5 {[%clk 00:08:05]} {[%emt 00:01:01]} Ng7 {[%clk 00:05:26]}
{[%emt 00:00:58]} 22. Qf7 {[%clk 00:07:02]} {[%emt 00:01:13]} axb5 {[%clk
00:04:23]} {[%emt 00:01:13]} 23. c6 {[%clk 00:06:31]} {[%emt 00:00:40]} Bxc6
{[%clk 00:04:20]} {[%emt 00:00:13]} 24. Rxc6 {[%clk 00:06:39]} {[%emt
00:00:02]} Ne5 {[%clk 00:04:09]} {[%emt 00:00:21]} 25. Qxg7 {[%clk 00:05:56]}
{[%emt 00:00:53]} Nxc6 {[%clk 00:04:14]} {[%emt 00:00:06]} 26. Bxb5 {[%clk
00:05:38]} {[%emt 00:00:27]} Na5 {[%clk 00:02:56]} {[%emt 00:01:29]} 27. Rc1
{[%clk 00:05:20]} {[%emt 00:00:27]} Kb8 {[%clk 00:02:50]} {[%emt 00:00:16]} 28.
Nf4 {[%clk 00:05:01]} {[%emt 00:00:29]} Rg8 {[%clk 00:01:06]} {[%emt 00:01:55]}
29. Qf7 {[%clk 00:04:45]} {[%emt 00:00:26]} Bd6 {[%clk 00:00:29]} {[%emt
00:00:46]} 30. Ne6 {[%clk 00:04:23]} {[%emt 00:00:32]} Qc8 {[%clk 00:00:24]}
{[%emt 00:00:15]} 31. Bxb6 {[%clk 00:04:08]} {[%emt 00:00:26]} cxb6 {[%clk
00:00:15]} {[%emt 00:00:20]} 32. Rxc8+ {[%clk 00:04:06]} {[%emt 00:00:11]} Rxc8
{[%clk 00:00:24]} 33. Qd7 {[%clk 00:03:14]} {[%emt 00:01:02]} Be5 {[%clk
00:00:20]} {[%emt 00:00:14]} 34. f4 {[%clk 00:03:08]} {[%emt 00:00:16]} Ra7
{[%clk 00:00:19]} {[%emt 00:00:11]} 35. Qd5 {[%clk 00:02:53]} {[%emt 00:00:24]}
Bc7 {[%clk 00:00:24]} {[%emt 00:00:05]} 36. b4 {[%clk 00:02:49]} {[%emt
00:00:15]} Nb7 {[%clk 00:00:32]} {[%emt 00:00:02]} 37. Bd7 {[%clk 00:02:43]}
{[%emt 00:00:15]} Rh8 {[%clk 00:00:19]} {[%emt 00:00:24]} 38. Nxc7 {[%clk
00:02:17]} {[%emt 00:00:36]} Kxc7 {[%clk 00:00:28]} 39. Qc6+ {[%clk 00:02:26]}
{[%emt 00:00:02]} Kb8 {[%clk 00:00:35]} {[%emt 00:00:04]} 40. Qxb6 {[%clk
00:02:29]} {[%emt 00:00:06]} Rd8 {[%clk 00:00:39]} {[%emt 00:00:05]} 41. Bc6
{[%clk 00:02:23]} {[%emt 00:00:17]} Rd1+ {[%clk 00:00:41]} {[%emt 00:00:08]} 42.
Kb2 {[%clk 00:02:31]} {[%emt 00:00:01]} Rd2+ {[%clk 00:00:49]} {[%emt
00:00:03]} 43. Kc3 {[%clk 00:02:34]} {[%emt 00:00:06]} Rdxa2 {[%clk 00:00:31]}
{[%emt 00:00:29]} 44. Bxb7 {[%clk 00:02:06]} {[%emt 00:00:38]} Rxb7 {[%clk
00:00:37]} {[%emt 00:00:03]} 45. Qd8+ {[%clk 00:02:13]} {[%emt 00:00:03]} Ka7
{[%clk 00:00:43]} {[%emt 00:00:04]} 46. Qxf6 {[%clk 00:01:50]} {[%emt
00:00:33]} Ra3+ {[%clk 00:00:47]} {[%emt 00:00:06]} 47. Kc4 {[%clk 00:01:53]}
{[%emt 00:00:08]} Ra6 {[%clk 00:00:49]} {[%emt 00:00:07]} 48. Qd4+ {[%clk
00:01:56]} {[%emt 00:00:08]} Rab6 {[%clk 00:00:56]} {[%emt 00:00:03]} 49. e5
{[%clk 00:01:51]} {[%emt 00:00:15]} Kb8 {[%clk 00:01:01]} {[%emt 00:00:05]} 50.
g4 {[%clk 00:01:42]} {[%emt 00:00:18]} Rxb4+ {[%clk 00:01:05]} {[%emt
00:00:06]} 51. Kc5 {[%clk 00:01:51]} {[%emt 00:00:02]} R7b5+ {[%clk 00:01:06]}
{[%emt 00:00:09]} 52. Kc6 {[%clk 00:01:57]} {[%emt 00:00:04]} Rxd4 {[%clk
00:01:14]} {[%emt 00:00:02]} 53. Kxb5 {[%clk 00:02:06]} {[%emt 00:00:01]} Kc7
{[%clk 00:01:21]} {[%emt 00:00:03]} 54. f5 {[%clk 00:02:14]} {[%emt 00:00:02]}
gxf5 {[%clk 00:01:26]} {[%emt 00:00:05]} 55. gxf5 {[%clk 00:02:23]} {[%emt
00:00:01]} Rd5+ {[%clk 00:01:35]} 56. Kc4 {[%clk 00:15:10]} {[%emt 00:00:17]}
0-1